| 000 | 01045cam a2200265 a 4500 | ||
|---|---|---|---|
| 001 | 12208779 | ||
| 003 | OS | ||
| 005 | 20240624131231.0 | ||
| 008 | 001023s2000 enka b 001 0 eng | ||
| 020 | _a0521788366 | ||
| 040 |
_aDDC _cMUST |
||
| 082 | 0 | 0 |
_a513.5 BUR 2002 _220 |
| 100 | 1 |
_aBurn, R. P. _917618 |
|
| 245 | 1 | 0 |
_aNumbers and functions : _bsteps into analysis / _cR.P. Burn. |
| 250 | _a2nd ed. | ||
| 260 |
_aCambridge ; _aNew York : _bCambridge University Press, _c2000. |
||
| 300 |
_axxiii, 356 p. : _bill. ; _c23 cm. |
||
| 504 | _aIncludes bibliographical references (p. 346-349) and index. | ||
| 650 | 0 |
_aMathematical analysis. _92757 |
|
| 856 | 4 | 1 |
_3Sample text _uhttp://www.loc.gov/catdir/samples/cam031/00710217.html |
| 856 | 4 | 2 |
_3Publisher description _uhttp://www.loc.gov/catdir/description/cam021/00710217.html |
| 856 | 4 | 1 |
_3Table of contents _uhttp://www.loc.gov/catdir/toc/cam027/00710217.html |
| 942 |
_2ddc _cO_SHELF |
||
| 999 |
_c8755 _d8755 |
||